[Event "Klubbmesterskapet 2008"]
[Site "Hamar"]
[Date "2008.01.03"]
[Round "1"]
[White "Sangen, Kjetil"]
[Black "Kristiansen, Ole J"]
[Result "0-1"]
[WhiteElo "1441"]
[BlackElo "1807"]

1. d4 Nf6 2. c4 c5 3. d5 b5 4. cxb5 d6 5. f3 g6 6. e4 Bg7 7. Ne2 O-O 8. Nec3 e6
9. Bc4 Qc7 10. O-O exd5 11. Nxd5 Nxd5 12. Bxd5 Bd4+ 13. Kh1 Bb7 14. Nc3 Nd7 15.
a4 Nb6 16. Bxb7 Qxb7 17. Qb3 Kg7 18. Bf4 Rad8 19. Bg3 f5 20. exf5 gxf5 21. Ne2
Bf6 22. Nf4 Qf7 23. Qc2 Be5 24. Ne2 f4 25. Bf2 Nd5 26. Ng1 Nb4 27. Qd1 Bxb2 28.
Rb1 Be5 29. Nh3 h6 30. Be1 Nd5 31. Bd2 c4 32. Re1 Qf5 33. Re4 c3 34. Bc1 Nf6
35. Nf2 Nxe4 36. Nxe4 d5 37. Nc5 Qxb1 38. Ne6+ Kf6 39. Nxf4 Bxf4 40. Qd4+ Kg6 0-1

[Event "Klubbmesterskapet 2008"]
[Site "Hamar"]
[Date "2008.01.03"]
[Round "1"]
[White "Holm, Ragnar"]
[Black "Wasshaug, Espen"]
[Result "1-0"]
[WhiteElo "2035"]
[BlackElo "1363"]

1. d4 g6 2. c4 Bg7 3. Nc3 c5 4. Nf3 d6 5. d5 Bxc3+ 6. bxc3 f5 7. g3 Qa5 8. Qb3
Nf6 9. Bg2 Nbd7 10. O-O Nb6 11. Ng5 Qa6 12. Ne6 Bxe6 13. dxe6 Rb8 14. Rb1 O-O
15. Bh6 Rfd8 16. Bg5 Re8 17. h3 $2 Ne4 $1 18. Bxe4 fxe4 19. f4 Qxc4 20. Qxc4
Nxc4 21. f5 $1 Ne5 22. g4 Nc6 23. Bh6 d5 $2 24. Bf4 $1 b6 $5 25. Bxb8 Rxb8 26.
f6 exf6 $2 27. Rxf6 Re8 28. Rd1 d4 29. cxd4 Nxd4 30. e3 Rxe6 31. Rxe6 Nxe6 32.
Rd7 $1 c4 33. Rxa7 c3 $2 34. Ra3 $1 Nc7 35. Rxc3 Nd5 36. Rb3 Kf7 37. Kf2 Kf6
38. Ra3 b5 39. h4 h6 40. Ra6+ Kf7 41. Rc6 Nb4 42. Rc7+ Kf6 43. a3 Nd3+ 44. Kg3
b4 45. Rc6+ Kf7 46. axb4 Nxb4 47. Rc4 Nd5 48. Rxe4 Kf6 49. Kf3 g5 50. h5 Nc7
51. Rc4 Nd5 52. Rc6+ Kg7 53. Ke4 Nb4 54. Rd6 Nc2 55. Rd7+ Kf6 56. Rh7 Ne1 57.
Rxh6+ Kf7 58. Rg6 1-0

[Event "Klubbmesterskapet 2008"]
[Site "Hamar"]
[Date "2008.01.03"]
[Round "1"]
[White "Rødvik, Trym Daniel"]
[Black "Feragen, Erik"]
[Result "0-1"]
[WhiteElo "624"]
[BlackElo "1485"]

1. e4 c5 2. Nf3 Nc6 3. d4 cxd4 4. Nxd4 Nf6 5. Nc3 e5 6. Nb3 Bb4 7. Bd2 Bxc3 8.
Bxc3 Nxe4 9. Qf3 Nxc3 10. Qxc3 O-O 11. Bc4 d5 12. Bd3 Qg5 13. g3 Bh3 14. Bf1
Bxf1 15. Rxf1 Rac8 16. h4 Qh6 17. Rh1 Nd4 18. Qd3 Nxc2+ 19. Ke2 Nxa1 20. Nxa1
Rc1 21. Rxc1 Qxc1 22. Nc2 Qxb2 23. a3 Rc8 24. Kd2 e4 25. Qxd5 Qxc2+ 26. Ke3
Qd3+ 0-1

[Event "Klubbmesterskapet 2008"]
[Site "Hamar"]
[Date "2008.01.03"]
[Round "1"]
[White "Kristiansen, Reidar"]
[Black "Solbakken, Jan Børge"]
[Result "0-1"]
[WhiteElo "1202"]
[BlackElo "1603"]

1. e4 c5 2. Nf3 d6 3. Nc3 Nc6 4. Bb5 Nf6 5. d3 g6 6. O-O Bg7 7. h3 O-O 8. Ne2
Bd7 9. c3 a6 10. Ba4 c4 11. Bc2 cxd3 12. Bxd3 Rc8 13. Be3 Qa5 14. Qd2 Ne5 15.
Nxe5 Qxe5 16. f4 Qa5 17. f5 Bc6 18. Ng3 d5 19. fxg6 fxg6 20. e5 Nd7 21. Rxf8+
Rxf8 22. e6 Ne5 23. b4 Qc7 24. Rf1 Nxd3 25. Qxd3 Qxg3 26. Rxf8+ Bxf8 0-1

[Event "Klubbmesterskapet 2008"]
[Site "Hamar"]
[Date "2008.01.03"]
[Round "1"]
[White "Kaveldiget, Frode"]
[Black "Saxrud, Ole Henrik"]
[Result "1-0"]
[WhiteElo "1509"]
[BlackElo "890"]

1. e4 e5 2. f4 exf4 3. Nf3 Bc5 4. d4 Bxd4 5. Qxd4 Nf6 6. Qe5+ Kf8 7. Bc4 d6 8.
Qxf4 Be6 9. Bxe6 fxe6 10. Ng5 Qe7 11. e5 dxe5 12. Qxe5 Qb4+ 13. Nc3 Nbd7 14.
Qxc7 Re8 15. O-O Qd4+ 16. Kh1 e5 17. Nb5 Qb6 18. Qxd7 Re7 19. Qd3 Ke8 20. Be3
Qa6 21. Rad1 Rd7 22. Qc4 Rf8 23. Rxd7 Kxd7 24. Rd1+ Ke7 25. Bc5+ Ke8 26. Nc7# 1-0

[Event "Klubbmesterskapet 2008"]
[Site "Hamar"]
[Date "2008.01.03"]
[Round "1"]
[White "Hoel, Ole"]
[Black "Holm, Kristian Stuvik"]
[Result "1-0"]
[WhiteElo "1719"]
[BlackElo "1315"]

1. e4 e6 2. d4 d5 3. Nc3 Bb4 4. e5 c5 5. Bd2 cxd4 6. Nb5 Be7 7. Nxd4 Nc6 8.
Nxc6 bxc6 9. Bd3 c5 10. c3 f5 11. exf6 Nxf6 12. Nf3 O-O 13. O-O Qb6 14. b3 Ba6
15. Bxa6 Qxa6 16. Qc2 Ne4 17. c4 Nxd2 18. Nxd2 Rac8 19. Rae1 Bf6 20. Re2 Rfe8
21. Rfe1 d4 22. Ne4 e5 23. Qd3 Kh8 24. f4 Qc6 25. fxe5 Bxe5 26. Ng5 1-0

[Event "Klubbmesterskapet 2008"]
[Site "Hamar"]
[Date "2008.01.03"]
[Round "1"]
[White "Brobakken, Sindre"]
[Black "Nilsen, Thomas"]
[Result "0-1"]
[WhiteElo "783"]
[BlackElo "1598"]
[PlyCount "88"]
[EventDate "2008.??.??"]

1. Nf3 d5 2. g3 Nf6 3. Bg2 c5 4. O-O Nc6 5. Re1 e5 6. d3 Be7 7. Nbd2 O-O 8. e4
d4 9. Nc4 Qc7 10. Bd2 Be6 11. c3 Bxc4 12. dxc4 Rfd8 13. cxd4 Nxd4 14. Qc1 Rd7
15. Nxd4 Rxd4 16. Bc3 Rdd8 17. Qg5 Bd6 18. h4 h6 19. Qc1 Rac8 20. Bh3 Rb8 21.
g4 Ne8 22. Bd2 Qd7 23. Qc3 Be7 24. g5 Qxd2 25. Qxe5 Bd6 26. Qf5 Qf4 27. Qxf4
Bxf4 28. gxh6 Bxh6 29. Rab1 Rd4 30. b3 Nc7 31. e5 Re8 32. Bg2 b6 33. Bc6 Re7
34. Re4 Rxe4 35. Bxe4 Rxe5 36. Bc6 Ne6 37. b4 cxb4 38. Rxb4 Nc5 39. a4 Re1+ 40.
Kh2 Bf4+ 41. Kg2 Rc1 42. Rb5 Rxc4 43. f3 Ne6 44. a5 Rxc6 0-1

[Event "Klubbmesterskapet 2008"]
[Site "Hamar"]
[Date "2008.01.10"]
[Round "1"]
[White "Ormåsen, Odd Steinar"]
[Black "Henriksen, Morgan"]
[Result "0-1"]
[WhiteElo "1791"]
[BlackElo "1366"]

1. e4 c5 2. Nf3 d6 3. d4 cxd4 4. Nxd4 Nf6 5. Nc3 a6 6. Be3 Ng4 7. Bg5 h6 8. Bh4
g5 9. Bg3 Bg7 10. Be2 Ne5 11. O-O Nbc6 12. Nb3 b5 13. f3 Nc4 14. Bxc4 bxc4 15.
Qd5 cxb3 16. Qxc6+ Bd7 17. Qd5 bxc2 18. Qd2 Qb6+ 19. Bf2 Qxb2 20. Bd4 c1=Q 0-1

[Event "Klubbmesterskapet 2008"]
[Site "Hamar"]
[Date "2008.01.17"]
[Round "2"]
[White "Kristiansen, Ole J"]
[Black "Storli, Frode"]
[Result "1-0"]
[WhiteElo "1807"]
[BlackElo "1424"]

1. e4 e6 2. d4 d5 3. Be3 Nf6 4. Nd2 Be7 5. e5 Nfd7 6. Qg4 Rg8 7. Bd3 g6 8. h4
h5 9. Qg3 c5 10. Ngf3 cxd4 11. Nxd4 a6 12. Nxe6 Qa5 13. Nd4 Nf8 14. O-O Ne6 15.
Nf5 Nc6 16. Nxe7 Nxe7 17. c4 d4 18. Bg5 Nxg5 19. Qxg5 Bg4 20. Ne4 Rh8 21. Nd6+
Kf8 22. Nxf7 1-0

[Event "Klubbmesterskapet 2008"]
[Site "Hamar"]
[Date "2008.01.17"]
[Round "2"]
[White "Wasshaug, Espen"]
[Black "Sangen, Kjetil"]
[Result "1-0"]
[WhiteElo "1363"]
[BlackElo "1441"]

1. Nf3 Nf6 2. b3 e6 3. c4 c5 4. Bb2 Be7 5. g4 Nxg4 6. Rg1 Nxf2 7. Kxf2 Bh4+ 8.
Kg2 b6 9. Kh1 Bf6 10. Qc2 g6 11. Bxf6 Qxf6 12. Qc3 Qxc3 13. Nxc3 Bb7 14. Bg2 f6
15. Nb5 Kd8 16. Nd6 Kc7 17. Nxb7 Kxb7 18. Ne5+ Nc6 19. Nxd7 Rad8 20. Nxf6 Rxd2
21. Rgd1 Rhd8 22. Rxd2 Rxd2 23. Bf3 h6 24. Ng4 Kc7 25. Bxc6 Kxc6 26. e3 Kd6 27.
Kg1 h5 28. Nf2 Ke5 29. a4 Re2 30. Nd1 a5 31. Rb1 g5 32. h3 Kf5 33. Kf1 Rh2 34.
Nf2 g4 35. hxg4+ hxg4 36. Rb2 g3 37. Nd3 Ke4 38. Rxh2 gxh2 39. Ke2 Kf5 40. Nf2 1-0

[Event "Klubbmesterskapet 2008"]
[Site "Hamar"]
[Date "2008.01.17"]
[Round "2"]
[White "Solbakken, Jan Børge"]
[Black "Holm, Ragnar"]
[Result "0-1"]
[WhiteElo "1603"]
[BlackElo "2035"]

1. d4 Nf6 2. Nf3 c5 3. e3 g6 4. Nc3 Bg7 5. Be2 O-O 6. O-O d6 7. Re1 a6 8. a4 b6
9. e4 cxd4 10. Nxd4 Bb7 11. Bc4 Nbd7 12. Nd5 Rc8 13. Ba2 Nc5 14. Nxf6+ Bxf6 15.
Bh6 Nxe4 16. Ne6 fxe6 17. Bxe6+ Rf7 18. Qg4 Nc5 19. Bxf7+ Kxf7 20. b4 Qd7 21.
Qxd7 Nxd7 22. Ra3 Rxc2 23. Rae3 Rc4 24. Rb3 g5 25. b5 a5 26. Rg3 g4 27. h3 Kg6
28. Bd2 h5 29. hxg4 hxg4 30. f4 Kf5 31. Ra3 Rc2 32. Re2 Bd5 33. g3 Nc5 34. Rh2
Nb3 35. Rh5+ Ke6 36. Be3 Nd4 37. Rd3 Nf3+ 38. Kf1 Bc4 39. f5+ 0-1

[Event "Klubbmesterskapet 2008"]
[Site "Hamar"]
[Date "2008.01.17"]
[Round "2"]
[White "Saxrud, Ole Henrik"]
[Black "Rødvik, Trym Daniel"]
[Result "0-1"]
[WhiteElo "890"]
[BlackElo "624"]

1. e4 e5 2. Nf3 Nc6 3. Bb5 d6 4. O-O Bd7 5. d4 Nxd4 6. Bxd7+ Qxd7 7. Nxd4 exd4
8. Qxd4 c5 9. Qc4 h6 10. Re1 O-O-O 11. e5 dxe5 12. Rxe5 Qd1+ 13. Qf1 Qxf1+ 14.
Kxf1 Rd1+ 15. Re1 Rd8 16. c4 Nf6 17. Bf4 g5 18. Bg3 Bd6 19. Nc3 Bxg3 20. hxg3
Rd2 21. Re2 Rhd8 22. f3 g4 23. f4 Nh5 24. Ne4 Rxe2 25. Kxe2 Re8 26. Kd3 Rd8+
27. Kc3 f5 28. Nxc5 Nxg3 29. Re1 b6 30. Re3 Nf1 31. Re5 bxc5 32. Rxc5+ Kb7 33.
Rxf5 Ng3 34. Rf7+ Kc6 35. Rf6+ Rd6 36. Rf7 a6 37. Rg7 h5 38. Kb4 Rd2 39. Rg6+
Kb7 40. Kc3 Rxg2 41. Kd3 h4 42. Rxg4 h3 43. Rh4 h2 44. f5 h1=Q 45. Rxh1 Nxh1
46. Ke4 Kc7 47. Ke5 Rxb2 48. Ke6 Rb8 49. Ke7 Kc6 50. f6 Kc5 51. f7 Kxc4 52.
f8=Q Rxf8 53. Kxf8 Kb4 54. Ke7 a5 55. Kd6 Ka3 56. Kc5 a4 57. Kb5 Nf2 58. Kc4
Kxa2 0-1

[Event "Klubbmesterskapet 2008"]
[Site "Hamar"]
[Date "2008.01.17"]
[Round "2"]
[White "Kristiansen, Reidar"]
[Black "Holm, Kristian Stuvik"]
[Result "1/2-1/2"]
[WhiteElo "1202"]
[BlackElo "1315"]

1. e4 c5 2. Nf3 e6 3. Nc3 a6 4. d4 cxd4 5. Nxd4 Nc6 6. a3 Qc7 7. Be2 Nf6 8. O-O
b5 9. Bg5 Be7 10. Bf3 Bb7 11. Re1 h6 12. Bh4 d6 13. Bg3 Rd8 14. Nxc6 Bxc6 15.
Qe2 Nd7 16. Rad1 O-O 17. e5 d5 18. Bg4 Nb6 19. f4 g6 20. Qd3 Nc4 21. Rb1 d4 22.
Ne4 Bxe4 23. Rxe4 Ne3 24. Bd1 Rd5 25. Bf2 Rfd8 26. Rc1 Qb6 27. Bf3 R5d7 28. b4
f5 29. exf6 Bxf6 30. Kh1 h5 31. Bxe3 dxe3 32. Qxe3 Qxe3 33. Rxe3 e5 34. fxe5
Bg5 35. Ree1 Bxc1 36. Rxc1 Re7 37. h3 Rxe5 38. c4 bxc4 39. Rxc4 Kg7 40. Rc6 a5
41. Rc7+ Kh6 42. Rc5 Re1+ 43. Kh2 axb4 44. axb4 Rb1 45. b5 Rb8 46. Bc6 1/2-1/2

[Event "Klubbmesterskapet 2008"]
[Site "Hamar"]
[Date "2008.01.18"]
[Round "2"]
[White "Nilsen, Thomas"]
[Black "Kaveldiget, Frode"]
[Result "1/2-1/2"]
[WhiteElo "1598"]
[BlackElo "1509"]

1. d4 e6 2. c4 f5 3. Nc3 Nf6 4. g3 d6 5. Bg2 Be7 6. Qb3 c6 7. d5 cxd5 8. cxd5
e5 9. Nh3 h6 10. O-O O-O 11. Bd2 Nbd7 12. Rae1 Qe8 13. f3 a6 14. Nf2 Qg6 15.
Nd3 Nh5 16. Qb4 Nxg3 17. hxg3 Qxg3 18. e4 f4 19. Re2 Nf6 20. Nxe5 Qg5 21. Nd3
Nh5 22. e5 Ng3 23. Bxf4 Nxe2+ 24. Nxe2 Qg6 25. exd6 Bh3 26. Bg3 Bxg2 27. Kxg2
Bf6 28. Ndf4 Qc2 29. Rf2 Qc8 30. Ne6 Rf7 31. N2f4 Qd7 32. Rc2 Be5 33. Nh5 Bxg3
34. Nxg3 Rc8 35. Rxc8+ Qxc8 36. Qc5 Qe8 37. Qc3 Rd7 38. Qe5 Qg6 39. Qe4 Qf6 40.
Qf4 Qxb2+ 41. Kh3 Rf7 42. Nf5 Kh8 43. Qd4 Qb1 44. Nexg7 Qh1+ 45. Kg3 Qe1+ 46.
Kf4 Qh4+ 47. Ke5 Qe1+ 48. Qe4 Qc3+ 49. Kf4 Qc1+ 50. Qe3 1/2-1/2

[Event "Klubbmesterskapet 2008"]
[Site "Hamar"]
[Date "2008.01.17"]
[Round "2"]
[White "Henriksen, Morgan"]
[Black "Hoel, Ole"]
[Result "0-1"]
[WhiteElo "1366"]
[BlackElo "1719"]

1. e4 c5 2. Nf3 d6 3. d4 cxd4 4. Nxd4 Nf6 5. Nc3 g6 6. Be3 Bg7 7. f3 Nc6 8. Qd2
Bd7 9. g4 Rc8 10. Nxc6 bxc6 11. Bxa7 O-O 12. Be3 d5 13. g5 Ne8 14. O-O-O Qa5
15. Bd4 e5 16. Bf2 d4 17. Nb1 Qxa2 18. Qb4 c5 19. Qa3 Qe6 20. h4 Nd6 21. Qa7
Nb5 22. Qa5 Ra8 23. Qd2 Ra1 24. Bh3 Qa2 25. Qe2 Nc3 26. Qe1 Rxb1+ 27. Kd2 Rxd1+ 0-1

[Event "Klubbmesterskapet 2008"]
[Site "Hamar"]
[Date "2008.01.17"]
[Round "2"]
[White "Brobakken, Sindre"]
[Black "Ormåsen, Odd Steinar"]
[Result "0-1"]
[WhiteElo "783"]
[BlackElo "1791"]
[PlyCount "60"]
[EventDate "2008.??.??"]

1. Nf3 f5 2. g3 Nf6 3. Bg2 d5 4. O-O e6 5. Re1 Bd6 6. d3 O-O 7. Nbd2 f4 8. e4
fxe3 9. Rxe3 Nc6 10. Ng5 e5 11. Re1 h6 12. Ngf3 Bg4 13. h3 Bh5 14. c3 e4 15.
dxe4 Bxg3 16. fxg3 dxe4 17. g4 exf3 18. Bxf3 Bg6 19. Nb3 Qxd1 20. Rxd1 Rae8 21.
Bf4 Ne4 22. Bxc7 Rxf3 23. h4 Rf7 24. Bh2 Nf2 25. Rd2 Nxg4 26. Rg2 Nce5 27. Nd4
Nxh2 28. Kxh2 Bh5 29. Nb5 Nf3+ 30. Kh1 Re4 0-1

[Event "Klubbmesterskapet 2008"]
[Site "Hamar"]
[Date "2008.02.14"]
[Round "3"]
[White "Holm, Ragnar"]
[Black "Kristiansen, Ole J"]
[Result "1-0"]
[WhiteElo "2035"]
[BlackElo "1807"]
[PlyCount "71"]
[EventDate "2008.??.??"]

1. d4 g6 2. c4 Bg7 3. Nc3 d6 4. e4 Nf6 5. Nf3 O-O 6. Be2 Nc6 7. d5 Nb8 8. O-O
e5 9. b4 a5 10. bxa5 Rxa5 11. Nd2 b6 12. Nb3 Ra8 13. a4 Na6 14. Be3 Nd7 15. a5
Nac5 16. axb6 Rxa1 17. Nxa1 Nxb6 18. Nb3 Nxb3 19. Qxb3 Nd7 20. Ra1 f5 21. f3
Nc5 22. Qd1 fxe4 23. fxe4 Qh4 24. g3 Qe7 25. Bg4 Bxg4 26. Qxg4 Nb3 27. Rf1
Rxf1+ 28. Kxf1 Na5 29. Qe2 Qf8+ 30. Kg2 Qb8 31. Nb5 c6 32. dxc6 Nxc6 33. Qg4
Nd4 34. Bxd4 exd4 35. Qe6+ Kh8 36. Nxd6 1-0

[Event "Klubbmesterskapet 2008"]
[Site "Hamar"]
[Date "2008.02.14"]
[Round "3"]
[White "Holm, Kristian Stuvik"]
[Black "Brobakken, Sindre"]
[Result "0-1"]
[WhiteElo "1315"]
[BlackElo "783"]
[PlyCount "92"]
[EventDate "2008.??.??"]

1. d4 Nf6 2. c4 g6 3. Nc3 Bg7 4. e4 d6 5. Nf3 Nbd7 6. Be2 O-O 7. O-O Re8 8. Qc2
e5 9. d5 Nc5 10. b4 Na6 11. a3 Nh5 12. Ne1 f5 13. Bxh5 gxh5 14. f3 fxe4 15.
fxe4 c6 16. Nd3 Qb6+ 17. Kh1 Qd4 18. Qf2 $4 Qxf2 (18... Rf8 $3) 19. Rxf2 Bg4
20. h3 Bd7 21. Bd2 cxd5 22. cxd5 Nc7 23. a4 a5 24. b5 Rf8 25. Raf1 Rxf2 26.
Rxf2 Ne8 27. Kh2 Bf6 28. g3 Bd8 29. Ne1 Bb6 30. Rf1 Rc8 31. Nc2 Rc4 32. Na3 Rc7
33. Ne2 Bc5 34. Nc4 Bb4 35. Bh6 Ng7 36. Ne3 Bd2 37. Bxg7 Kxg7 38. Nf5+ Bxf5 39.
exf5 Rc2 40. Rf2 Be3 41. Rg2 Kf6 42. g4 Rc4 43. g5+ Bxg5 44. Ng3 Bf4 45. Kh1
Bxg3 46. Rxg3 Rxa4 0-1

[Event "Klubbmesterskapet 2008"]
[Site "Hamar"]
[Date "2008.02.14"]
[Round "3"]
[White "Ormåsen, Odd Steinar"]
[Black "Solbakken, Jan Børge"]
[Result "0-1"]
[WhiteElo "1791"]
[BlackElo "1603"]
[PlyCount "108"]
[EventDate "2008.??.??"]

1. c4 c5 2. Nf3 Nc6 3. g3 g6 4. Bg2 Bg7 5. Nc3 d6 6. O-O Nf6 7. d4 cxd4 8. Nxd4
Bd7 9. Nc2 Rb8 10. e4 Ne5 11. Qe2 O-O 12. b3 Ne8 13. Bb2 f5 14. Nd5 fxe4 15.
Bxe4 Bg4 16. f3 Bh3 17. Rf2 Nxf3+ 18. Bxf3 Bxb2 19. Nxe7+ Kg7 20. Rd1 Rxf3 21.
Qxf3 Qxe7 22. g4 Bxg4 23. Qxg4 Nf6 24. Qe2 Be5 25. Qf3 Ne4 26. Re2 Nc3 27. Qxc3
Qg5+ 28. Rg2 Qxg2+ 29. Kxg2 Bxc3 30. Rxd6 Re8 31. Nd4 Re7 32. Nb5 Bb4 33. Rd3
a6 34. a3 Re2+ 35. Kf3 Rxh2 36. Rd7+ Kf6 37. Rxb7 Bc5 38. Nc7 Rf2+ 39. Kg3 h5
40. Nxa6 Be3 41. Nc7 Kg5 42. Rb5+ Kh6 43. Nd5 Bd4 44. a4 g5 45. a5 h4+ 46. Kg4
Rg2+ 47. Kh3 Rg3+ 48. Kh2 Rd3 49. b4 h3 50. Rb6+ Kh5 51. Re6 Kg4 52. Re2 Kf3
53. Ra2 g4 54. a6 Be5+ 0-1

[Event "Klubbmesterskapet 2008"]
[Site "Hamar"]
[Date "2008.02.11"]
[Round "3"]
[White "Kaveldiget, Frode"]
[Black "Hoel, Ole"]
[Result "0-1"]
[WhiteElo "1509"]
[BlackElo "1719"]
[PlyCount "0"]
[EventDate "2008.??.??"]

1. e4 c5 2. Nf3 d6 3. d4 cxd4 4. Nxd4 Nf6 5. Nc3 g6 6. Be3 Bg7 7. f3 a6 8. Qd2
O-O 9. Bh6 Nc6 10. Bxg7 Kxg7 11. Nb3 Bd7 12. h4 h5 13. O-O-O Rc8 14. Be2 b5 15.
Rdg1 Qc7 16. g4 hxg4 17. fxg4 Ne5 18. h5 Rh8 19. g5 Nxe4 20. Nxe4 Bf5 21. Nc3
b4 22. Nd4 bxc3 23. Nxf5+ gxf5 24. h6+ Kh7 25. Qd1 Qb6 26. b3 Rhg8 27. Bd3 e6
28. Qh5 Nxd3+ 29. cxd3 Qe3+ 30. Kb1 Qxd3+ 31. Ka1 Rc7 32. Rh3 Qd4 33. Qd1 Qxd1+
34. Rxd1 Rxg5 0-1

[Event "Klubbmesterskapet 2008"]
[Site "Hamar"]
[Date "2008.02.14"]
[Round "3"]
[White "Rødvik, Trym Daniel"]
[Black "Henriksen, Morgan"]
[Result "0-1"]
[WhiteElo "624"]
[BlackElo "1366"]
[PlyCount "80"]
[EventDate "2008.??.??"]

1. e4 c5 2. Nf3 d6 3. d4 cxd4 4. Nxd4 Nf6 5. Nc3 a6 6. Bc4 e6 7. Be3 b5 8. Bb3
Be7 9. f3 O-O 10. O-O Qc7 11. Qe1 Re8 12. Qg3 Bf8 13. Bg5 Nbd7 14. f4 b4 15. e5
dxe5 16. fxe5 Qxe5 17. Nce2 Qxg3 18. Nxg3 Bc5 19. Rad1 e5 20. Be3 exd4 21. Bxd4
Bxd4+ 22. Rxd4 a5 23. Nh5 Re7 24. Nxf6+ gxf6 25. Rf3 Ne5 26. Rg3+ Ng6 27. Rd8+
Kg7 28. h4 Kh6 29. Rd6 Be6 30. Bxe6 fxe6 31. Kh2 Rc8 32. h5 Kxh5 33. Rh3+ Kg5
34. Rdd3 f5 35. Rdg3+ Kf6 36. c3 bxc3 37. bxc3 e5 38. Rd3 Rc6 39. Rd8 e4 40.
Rh5 e3 0-1

[Event "Klubbmesterskapet 2008"]
[Site "Hamar"]
[Date "2008.02.14"]
[Round "3"]
[White "Storli, Frode"]
[Black "Wasshaug, Espen"]
[Result "1-0"]
[WhiteElo "1424"]
[BlackElo "1363"]
[PlyCount "95"]
[EventDate "2008.??.??"]

1. d4 e6 2. c4 d5 3. e3 Nf6 4. Nf3 b6 5. Qa4+ Bd7 6. Qc2 c5 7. dxc5 Bxc5 8. Ne5
Nc6 9. Nxd7 Qxd7 10. cxd5 Nxd5 11. Bd2 Rc8 12. Bb5 O-O 13. O-O Rfd8 14. a3 Qb7
15. Nc3 Ne5 16. Rad1 Nf6 17. Qa4 Qc7 18. h3 Qe7 19. Ne4 Nxe4 20. Qxe4 Ng6 21.
Bc3 Bxa3 22. Rxd8+ Qxd8 23. Qa4 Bc5 24. Qxa7 Qg5 25. Qb7 Rd8 26. Bc4 h5 27.
Bxe6 Ne5 28. Bb3 Rd7 29. Qb8+ Bf8 30. Qxe5 Qg6 31. Ra1 Rd8 32. Rc1 Bd6 33. Qb5
Bc5 34. Bc2 Qe6 35. b4 Bd6 36. Qxh5 Bc7 37. Qh7+ Kf8 38. Qxg7+ Ke7 39. Qg5+ Ke8
40. Ba4+ Rd7 41. Bxd7+ Qxd7 42. Qg4 Qd6 43. Qc8+ Bd8 44. b5 Ke7 45. Qg4 Ke8 46.
Qe4+ Kd7 47. Qd4 Bc7 48. Qxd6+ 1-0

[Event "Klubbmesterskapet 2008"]
[Site "Hamar"]
[Date "2008.02.14"]
[Round "3"]
[White "Bækken, Ole"]
[Black "Nilsen, Thomas"]
[Result "1-0"]
[WhiteElo "1345"]
[BlackElo "1598"]
[PlyCount "81"]
[EventDate "2008.??.??"]

1. e4 c6 2. d4 d5 3. exd5 cxd5 4. Bd3 Nf6 5. Nd2 Nc6 6. c3 e6 7. Ngf3 Bd6 8.
O-O O-O 9. Re1 Qc7 10. Nf1 e5 11. dxe5 Nxe5 12. Nxe5 Bxe5 13. h3 h6 14. Be3 b6
15. Rc1 Bb7 16. Bd4 Bf4 17. Rc2 Bg5 18. Rce2 Ne4 19. f3 Nc5 20. Be5 Qc8 21. Bb1
Ba6 22. Rf2 Qc6 23. b4 Nd7 24. Qc2 f5 25. Bd4 Bh4 26. g3 Bd8 27. Ne3 g6 28. Ng2
Bc7 29. f4 Nf6 30. Kh2 Ne4 31. Ne3 Nxf2 32. Qxf2 Bd8 33. g4 fxg4 34. Nxg4 h5
35. Ne5 Qd6 36. Bxg6 Bf6 37. Qg3 Bg7 38. Bxh5 Qh6 39. Nd3 Bxd3 40. Re7 Qxf4 41.
Rxg7+ 1-0

[Event "Klubbmesterskapet 2008"]
[Site "Hamar"]
[Date "2008.02.21"]
[Round "3"]
[White "Brobakken, Geir"]
[Black "Feragen, Erik"]
[Result "1/2-1/2"]
[WhiteElo "1660"]
[BlackElo "1485"]
[PlyCount "72"]
[EventDate "2008.??.??"]

1. e4 c5 2. c3 e6 3. d4 cxd4 4. cxd4 d5 5. e5 Nc6 6. f4 Bb4+ 7. Nc3 Nge7 8. Nf3
O-O 9. Bd3 Bd7 10. O-O f5 11. Kh1 Rc8 12. Bd2 Ng6 13. a3 Bxc3 14. bxc3 Na5 15.
Qe2 Nc4 16. Be1 Nxf4 17. Qc2 Ne3 18. Qd2 Nxd3 19. Qxe3 Nxe1 20. Qxe1 Qa5 21.
Rb1 b6 22. Rb3 Rc7 23. Qa1 Rfc8 24. Rc1 h6 25. Rb4 Qa6 26. Nd2 Qd3 27. Nb1 f4
28. Rb2 g5 29. Rf2 Qe3 30. Qb2 Be8 31. Rf3 Qe4 32. Nd2 Qe2 33. Rcf1 Bh5 34.
R1f2 Qe1+ 35. Rf1 Qe2 36. R1f2 Qe1+ 1/2-1/2

[Event "Klubbmesterskapet 2008"]
[Site "Hamar"]
[Date "2008.01.10"]
[Round "3"]
[White "Sangen, Kjetil"]
[Black "Saxrud, Ole Henrik"]
[Result "1-0"]
[WhiteElo "1441"]
[BlackElo "890"]
[PlyCount "77"]
[EventDate "2008.??.??"]

1. d4 d6 2. c4 Nf6 3. Nc3 e5 4. d5 Be7 5. e4 O-O 6. Nf3 Bg4 7. Be2 c5 8. O-O
Na6 9. Ne1 h5 10. h3 Bxe2 11. Qxe2 g6 12. a3 Nh7 13. f4 Bf6 14. f5 Bh4 15. Bh6
Re8 16. fxg6 fxg6 17. Qf3 Qf6 18. Qe2 Qe7 19. Nf3 g5 20. Nxh4 g4 21. Nf5 Qf6
22. hxg4 h4 23. Nb5 Red8 24. g5 Nxg5 25. Qg4 Kh7 26. Qxg5 Qxg5 27. Bxg5 Rg8 28.
Bxh4 Raf8 29. Be7 Rf7 30. Nbxd6 Rxe7 31. Nxe7 Rg4 32. Rf7+ Rg7 33. Raf1 b5 34.
cxb5 Nc7 35. Rxg7+ Kxg7 36. Rf7+ Kh8 37. Ndf5 Nxb5 38. Nh4 Nxa3 39. Nhg6# 1-0

[Event "Klubbmesterskapet 2008"]
[Site "Hamar"]
[Date "2008.02.28"]
[Round "4"]
[White "Kristiansen, Ole J"]
[Black "Brobakken, Geir"]
[Result "0-1"]
[WhiteElo "1807"]
[BlackElo "1660"]
[PlyCount "156"]
[EventDate "2008.??.??"]

1. e4 c6 2. d4 d5 3. Nc3 dxe4 4. Nxe4 Bf5 5. Ng3 Bg6 6. h4 h6 7. Nf3 Nd7 8. h5
Bh7 9. Bd3 Bxd3 10. Qxd3 Qc7 11. Bd2 e6 12. c4 Ngf6 13. Kf1 Bd6 14. Ne2 O-O 15.
c5 Be7 16. Bf4 Qd8 17. Rd1 Nd5 18. Bc1 b6 19. cxb6 axb6 20. a3 c5 21. g4 cxd4
22. Nexd4 Nc5 23. Qc2 Qc8 24. g5 hxg5 25. Bxg5 Qa6+ 26. Kg1 Qa4 27. b3 Qd7 28.
h6 g6 29. h7+ Kh8 30. b4 Bxg5 31. Nxg5 Qe7 32. Ngf3 Na4 33. Nc6 Qf6 34. Nce5
Nac3 35. Rd3 Rxa3 36. Ng4 Ra1+ 37. Kg2 Nf4+ 38. Kg3 Ne4+ 39. Kh2 Rxh1+ 40. Kxh1
Qa1+ 41. Rd1 Qa8 42. Kh2 Nh5 43. Rd4 Qb8+ 44. Kg1 Nef6 45. Nxf6 Nxf6 46. Qb2
Kxh7 47. Ng5+ Kh6 48. Qd2 Kg7 49. Rh4 Qe5 50. Nf3 Qa1+ 51. Kg2 Nh5 52. Qg5 Kh7
53. Qe3 b5 54. Qg5 f5 55. Rd4 Rf7 56. Qe3 Re7 57. Ng5+ Kg7 58. Qe5+ Nf6 59.
Nxe6+ Rxe6 60. Rd7+ Kh6 61. Qxa1 Nxd7 62. Qh8+ Kg5 63. Qd4 Nf6 64. Qd3 Ne4 65.
Qxb5 Kf4 66. Qe2 Rd6 67. Qe3+ Ke5 68. f3 Rd2+ 69. Kf1 Rd1+ 70. Ke2 Rd4 71. b5
f4 72. Qxe4+ Rxe4+ 73. fxe4 Kd6 74. Kf3 g5 75. Kg4 Kc5 76. e5 Kxb5 77. e6 Kc6
78. Kxg5 f3 0-1

[Event "Klubbmesterskapet 2008"]
[Site "Hamar"]
[Date "2008.02.28"]
[Round "4"]
[White "Nilsen, Thomas"]
[Black "Sangen, Kjetil"]
[Result "1-0"]
[WhiteElo "1598"]
[BlackElo "1441"]
[PlyCount "61"]
[EventDate "2008.??.??"]

1. d4 Nf6 2. Nf3 e6 3. c4 b6 4. Nc3 Bb4 5. Bg5 h6 6. Bh4 c5 7. e3 cxd4 8. exd4
d6 9. Qa4+ Nc6 10. Bxf6 gxf6 11. Qxc6+ Bd7 12. Qe4 f5 13. Qe3 f6 14. a3 Bxc3+
15. Qxc3 e5 16. Be2 e4 17. Nh4 Rg8 18. Bh5+ Ke7 19. Ng6+ Rxg6 20. Bxg6 Qg8 21.
Bh5 Qxg2 22. O-O-O Qg5+ 23. Kb1 Qxh5 24. Qg3 Qg5 25. Qe3 Ba4 26. Rc1 Rg8 27.
Rhg1 Qxe3 28. fxe3 Rxg1 29. Rxg1 Bb3 30. Rg7+ Ke6 31. d5+ 1-0

[Event "Klubbmesterskapet 2008"]
[Site "Hamar"]
[Date "2008.02.28"]
[Round "4"]
[White "Solbakken, Jan Børge"]
[Black "Storli, Frode"]
[Result "1-0"]
[WhiteElo "1603"]
[BlackElo "1424"]
[PlyCount "83"]
[EventDate "2008.??.??"]

1. d4 e5 2. dxe5 Nc6 3. Nf3 Qe7 4. Qd5 d6 5. exd6 cxd6 6. c3 Be6 7. Qd1 Nf6 8.
g3 h6 9. Bg2 Qd7 10. Nbd2 Be7 11. b4 Rc8 12. Bb2 d5 13. Qa4 a6 14. a3 Bd8 15.
Rd1 b5 16. Qc2 Bf5 17. Qb3 Be6 18. Nd4 Nxd4 19. cxd4 Bb6 20. O-O h5 21. Nf3 Qe7
22. Rc1 Rxc1 23. Rxc1 Ne4 24. Qc2 O-O 25. Qc6 Qa7 26. Qc2 Bf5 27. Qb3 Be6 28.
Qe3 Re8 29. Ne5 Nd6 30. Nc6 Qb7 31. Qg5 Nc4 32. Rxc4 dxc4 33. d5 f6 34. Bxf6
Qf7 35. Bd4 Bxd4 36. Nxd4 Bd7 37. d6 Qf6 38. Bd5+ Kf8 39. Qxh5 g6 40. Qh6+ Qg7
41. Qf4+ Bf5 42. Nxf5 1-0

[Event "Klubbmesterskapet 2008"]
[Site "Hamar"]
[Date "2008.02.28"]
[Round "4"]
[White "Wasshaug, Espen"]
[Black "Brobakken, Sindre"]
[Result "1-0"]
[WhiteElo "1363"]
[BlackElo "783"]
[PlyCount "55"]
[EventDate "2008.??.??"]

1. e4 d5 2. exd5 Qxd5 3. Nc3 Qa5 4. d4 Nf6 5. Bd2 c6 6. Bc4 Qc7 7. Nf3 Bg4 8.
h3 Bh5 9. g4 Bg6 10. Ne5 e6 11. f4 Qb6 12. Nf3 Ne4 13. Na4 Qc7 14. Bd3 Nxd2 15.
Qxd2 Bxd3 16. cxd3 Bd6 17. f5 e5 18. dxe5 Bxe5 19. Qe2 Qa5+ 20. Nc3 Nd7 21. d4
O-O 22. dxe5 Rfe8 23. e6 fxe6 24. O-O-O exf5 25. Qc4+ Kh8 26. Rxd7 Qb6 27. Qd4
Qa6 28. Qxg7# 1-0